| 000 | 01177cam a2200361 4500 | ||
|---|---|---|---|
| 999 |
_c24176 _d24176 |
||
| 001 | vtls011778695 | ||
| 005 | 20260506101329.0 | ||
| 008 | 210209s2018 xo gr 010 0 slo | ||
| 020 |
_a9788022020732 _q(viazané) |
||
| 035 | _aurn:nbn:sk:snk-am00edet | ||
| 035 | _aurn:nbn:sk:snk-am3igpy | ||
| 035 | _a7876F896-5ECE-4C20-A207-CDD20AE8285F | ||
| 040 |
_aSVKBB _bslo _cSVKBB _dSNK _erda |
||
| 041 | 0 | _aslo | |
| 044 |
_axo _cSK |
||
| 072 | 7 |
_a821.162.4-3 _xSlovenská próza _2konspekt |
|
| 080 |
_a821.162.4-31 _22011 |
||
| 080 |
_a(0:82-312.5) _22011 |
||
| 100 | 1 |
_aGillerová, Katarína, _d1958- _4aut _91696 |
|
| 245 | 1 | 0 |
_aNeodchádzaj _cKatarína Gillerová |
| 264 | 1 |
_aBratislava _bSlovenský spisovateľ, a.s. _c[2018] |
|
| 264 | 4 | _c©2018 | |
| 300 |
_a327 strán _c21 cm |
||
| 336 |
_atext _btxt _2rdacontent |
||
| 337 |
_abez média _bn _2rdamedia |
||
| 338 |
_azväzok _bnc _2rdacarrier |
||
| 500 | _aObsahuje biografické údaje o autorke na zadnej obálke | ||
| 655 | 7 |
_aslovenské romány _2SNKPH _91694 |
|
| 655 | 7 |
_aSlovak fiction _2SNKPHeng _91695 |
|
| 655 | 7 |
_aľúbostné romány _2SNKPH _913 |
|
| 655 | 7 |
_aLove novels _2SNKPHeng _91667 |
|
| 958 | _aLX | ||